00401cam a22001097a 4500008004000000082001300040100001800053245006300071260007400134300001000208700007300218180718b1981 xxu||||| |||| 00| 0 eng d aB53 M278 aAntulay, A.R. aDemocracy: Parliamentary or Presidential?cby A.R. Antulay aBombaybDirectorate General of Informaiton and Public Relationsc1981 a145p. aMaharashtra. Directorate General of Information and Public Relations